=LDR 00000nam 2200000 4500 =001 INLIS000000000025479 =005 20130612124002 =008 ***********************************Ind** =035 ##$$0010-061300000025479 =041 ##$$a Ind =082 ##$$a 370.05 =090 ##$$a 370.05, Ali j =100 ##$$a Ali, Nashir M =245 ##$$a Jalan memintas dalam mendidik, oleh M. Nashir =260 ##$$a 1975 $b Jakarta =300 ##$$a 155 hlm, 21 cm =650 ##$$a Pendidikan =850 ##$$a NBPNMAT